[Event "13. Obert Int. Sant Marti 2011"]
[Site "Barcelona ESP"]
[Date "2011.07.13"]
[Round "1.2"]
[White "Leon Hoyos, Manuel"]
[Black "Lacasta Palacios, Joaquim"]
[Result "1-0"]
[WhiteElo "2548"]
[BlackElo "2180"]
[PlyCount "115"]
[EventDate "2011.07.13"]
[EventType "swiss"]
[EventRounds "9"]
[EventCountry "ESP"]
[SourceTitle "Ajedrez en Madrid"]
[Source "lmi"]
[SourceDate "2011.07.13"]
[SourceVersion "1"]
[SourceVersionDate "2019.06.21"]
[SourceQuality "1"]

1. c4 e6 2. g3 c5 3. Bg2 Nc6 4. Nc3 Nf6 5. Nf3 Be7 6. d4 cxd4 7. Nxd4 O-O 8.
O-O a6 9. b3 Qc7 10. Bb2 d6 11. Rc1 Nxd4 12. Qxd4 Bd7 13. Rfd1 Rfd8 14. a4 Rac8
15. Ba3 Be8 16. Qe3 Qb8 17. a5 Bf8 18. Rd3 Bc6 19. Rcd1 Bxg2 20. Kxg2 Qc7 21.
Bb4 Qc6+ 22. Qf3 Qxf3+ 23. Kxf3 Rc6 24. e4 Nd7 25. R3d2 Nc5 26. Rb1 Be7 27. Ke3
Kf8 28. f3 Ke8 29. Ne2 Rcc8 30. Bc3 g6 31. Rdd1 Bg5+ 32. Kf2 Ke7 33. Bd4 Bh6
34. h4 f5 35. exf5 gxf5 36. Nc3 Rg8 37. Ne2 Nd7 38. Bc3 Nc5 39. Bb4 Bf8 40. Nf4
Bh6 41. Nd3 Bg7 42. Nf4 Bh6 43. Ne2 Bg7 44. Ba3 Rgd8 45. Bc1 Kf7 46. Bg5 Bf6
47. Bxf6 Kxf6 48. Nf4 Rd7 49. Rd2 Kf7 50. Ne2 e5 51. Rd5 Ne6 52. f4 exf4 53.
Rxf5+ Kg6 54. g4 Rc5 55. h5+ Kg7 56. Rd1 f3 57. Nf4 Rxf5 58. Nxe6+ 1-0

[Event "13. Obert Int. Sant Marti 2011"]
[Site "Barcelona ESP"]
[Date "2011.07.13"]
[Round "1.3"]
[White "Moreno Martin, Daniel"]
[Black "Cuartas, Jaime Alexander"]
[Result "0-1"]
[WhiteElo "2176"]
[BlackElo "2542"]
[PlyCount "62"]
[EventDate "2011.07.13"]
[EventType "swiss"]
[EventRounds "9"]
[EventCountry "ESP"]
[SourceTitle "Ajedrez en Madrid"]
[Source "lmi"]
[SourceDate "2011.07.13"]
[SourceVersion "1"]
[SourceVersionDate "2019.06.21"]
[SourceQuality "1"]

1. e4 c6 2. Nc3 d5 3. Nf3 Bg4 4. h3 Bxf3 5. Qxf3 Nf6 6. g3 e6 7. d3 Bb4 8. Bd2
d4 9. Nb1 Qb6 10. c3 Bc5 11. Bc1 Nbd7 12. Qe2 O-O-O 13. e5 Nd5 14. c4 Bb4+ 15.
Kd1 Nc7 16. a3 Be7 17. b4 a5 18. Nd2 axb4 19. Rb1 Qa5 20. axb4 Bxb4 21. Bg2 Na6
22. f4 Ndc5 23. Nb3 Nxb3 24. Rxb3 Nc5 25. Qc2 Nxb3 26. Qxb3 Kc7 27. Bb2 Bc3 28.
Bxc3 Qxc3 29. Qxc3 dxc3 30. Kc2 Ra8 31. Kxc3 Ra3+ 0-1

[Event "13. Obert Int. Sant Marti 2011"]
[Site "Barcelona ESP"]
[Date "2011.07.13"]
[Round "1.4"]
[White "Aroshidze, Levan"]
[Black "Trujillo Villega, Pablo Adrian"]
[Result "1-0"]
[WhiteElo "2539"]
[BlackElo "2173"]
[PlyCount "97"]
[EventDate "2011.07.13"]
[EventType "swiss"]
[EventRounds "9"]
[EventCountry "ESP"]
[SourceTitle "Ajedrez en Madrid"]
[Source "lmi"]
[SourceDate "2011.07.13"]
[SourceVersion "1"]
[SourceVersionDate "2019.06.21"]
[SourceQuality "1"]

1. e4 c5 2. Nf3 Nc6 3. Bb5 g6 4. Bxc6 dxc6 5. d3 Bg7 6. h3 e5 7. Be3 Qe7 8. Qd2
Nf6 9. a3 a5 10. O-O Nd7 11. Nc3 a4 12. Nh2 O-O 13. Bh6 f6 14. Bxg7 Qxg7 15. f4
exf4 16. Rxf4 Ne5 17. Raf1 Be6 18. Qf2 Nd7 19. Ng4 Bxg4 20. Rxg4 Qe7 21. Rf4
Qe5 22. Kh1 b5 23. Nd1 b4 24. c3 bxa3 25. bxa3 Rab8 26. d4 cxd4 27. cxd4 Qe7
28. Qc2 Qe6 29. Qxa4 g5 30. Rg4 h5 31. Rg3 Qxe4 32. Re3 Nb6 33. Rxe4 Nxa4 34.
d5 Nc5 35. Rc4 Nd3 36. Rxc6 Rb1 37. Ne3 Rxf1+ 38. Nxf1 Rd8 39. Rxf6 Rxd5 40.
Ng3 Re5 41. Rf5 Re1+ 42. Kh2 h4 43. Rxg5+ Kf7 44. Nh5 Re4 45. Rg4 Rxg4 46. hxg4
Kg6 47. a4 Kg5 48. a5 Nc5 49. Kh3 1-0

[Event "13. Obert Int. Sant Marti 2011"]
[Site "Barcelona ESP"]
[Date "2011.07.13"]
[Round "1.5"]
[White "Nunez Lucero, Francisco"]
[Black "Bacallao Alonso, Yusnel"]
[Result "1/2-1/2"]
[WhiteElo "2154"]
[BlackElo "2532"]
[PlyCount "82"]
[EventDate "2011.07.13"]
[EventType "swiss"]
[EventRounds "9"]
[EventCountry "ESP"]
[SourceTitle "Ajedrez en Madrid"]
[Source "lmi"]
[SourceDate "2011.07.13"]
[SourceVersion "1"]
[SourceVersionDate "2019.06.21"]
[SourceQuality "1"]

1. e4 c6 2. d4 d5 3. exd5 cxd5 4. c4 Nf6 5. Nc3 Nc6 6. Bg5 Be6 7. c5 g6 8. Bxf6
exf6 9. Nf3 Bg7 10. Bb5 O-O 11. O-O Bg4 12. Bxc6 bxc6 13. b4 a6 14. h3 Bxf3 15.
Qxf3 f5 16. Rfd1 Qh4 17. Qg3 Qf6 18. a4 Rfe8 19. Rab1 Rad8 20. b5 axb5 21. axb5
cxb5 22. Rxb5 Qa6 23. Qc7 h5 24. Qb7 Qf6 25. c6 Rc8 26. c7 Qd6 27. Nxd5 Bxd4
28. Rbb1 Be5 29. Rb6 Qa3 30. Ra6 Qc5 31. Rc6 Qa3 32. Nf6+ Bxf6 33. Rxf6 Qa5 34.
Rc6 h4 35. Rcc1 Kh7 36. Qc6 Re7 37. Rd7 Re1+ 38. Rxe1 Qxe1+ 39. Kh2 Qe5+ 40.
Kg1 Qe1+ 41. Kh2 Qe5+ 1/2-1/2

[Event "13. Obert Int. Sant Marti 2011"]
[Site "Barcelona ESP"]
[Date "2011.07.13"]
[Round "1.6"]
[White "Gonzalez Garcia, Jose"]
[Black "Lasinskas, Povilas"]
[Result "1-0"]
[WhiteElo "2522"]
[BlackElo "2148"]
[PlyCount "91"]
[EventDate "2011.07.13"]
[EventType "swiss"]
[EventRounds "9"]
[EventCountry "ESP"]
[SourceTitle "Ajedrez en Madrid"]
[Source "lmi"]
[SourceDate "2011.07.13"]
[SourceVersion "1"]
[SourceVersionDate "2019.06.21"]
[SourceQuality "1"]

1. d4 Nf6 2. c4 e6 3. Nf3 b6 4. g3 Bb7 5. Bg2 Be7 6. Nc3 O-O 7. Qc2 d5 8. cxd5
exd5 9. O-O a6 10. Bf4 Nbd7 11. Rfd1 c5 12. dxc5 Nxc5 13. Nd4 Rc8 14. Nf5 Nce4
15. Qb3 Nxc3 16. bxc3 Bc5 17. Be3 Qc7 18. Bxc5 Qxc5 19. Qb4 Rc7 20. Qf4 Ne4 21.
c4 f6 22. cxd5 Nc3 23. Rd2 Bxd5 24. Bxd5+ Nxd5 25. Rxd5 Qxd5 26. Qxc7 Qxf5 27.
Qxb6 Qe5 28. Re1 a5 29. a3 Qd5 30. a4 Rc8 31. e4 Qc5 32. Qe6+ Kf8 33. Qh3 h6
34. Qd7 Rc7 35. Qd8+ Kf7 36. Rd1 Re7 37. Rd4 Qc3 38. Qd5+ Kf8 39. Rc4 Qe5 40.
Rc8+ Re8 41. Qxe5 fxe5 42. Rxe8+ Kxe8 43. f4 Kd7 44. fxe5 Ke6 45. Kf2 Kxe5 46.
Ke3 1-0

[Event "13. Obert Int. Sant Marti 2011"]
[Site "Barcelona ESP"]
[Date "2011.07.13"]
[Round "1.7"]
[White "Fernandez Diaz, Cristian"]
[Black "Gonzalez Perez, Arian"]
[Result "1/2-1/2"]
[WhiteElo "2134"]
[BlackElo "2490"]
[PlyCount "89"]
[EventDate "2011.07.13"]
[EventType "swiss"]
[EventRounds "9"]
[EventCountry "ESP"]
[SourceTitle "Ajedrez en Madrid"]
[Source "lmi"]
[SourceDate "2011.07.13"]
[SourceVersion "1"]
[SourceVersionDate "2019.06.21"]
[SourceQuality "1"]

1. d4 Nf6 2. c4 g6 3. Nc3 Bg7 4. e4 d6 5. Nf3 O-O 6. Be2 e5 7. O-O Nc6 8. d5
Ne7 9. b4 Nh5 10. Re1 f5 11. Ng5 Nf6 12. Bf3 Rb8 13. c5 h6 14. Ne6 Bxe6 15.
dxe6 fxe4 16. cxd6 cxd6 17. Bxe4 d5 18. Bc2 Qb6 19. Na4 Qxb4 20. Bb2 Ng4 21. f3
b5 22. fxg4 bxa4 23. Bxe5 Bxe5 24. Rxe5 Qc5+ 25. Kh1 Rb2 26. Re2 Rf2 27. Bd3
Rfxe2 28. Bxe2 Qf2 29. Bf1 Rxa2 30. Rxa2 Qxa2 31. Qf3 Nc6 32. Qf7+ Kh8 33. Qe8+
Kg7 34. Qxc6 Qf2 35. Qd7+ Kg8 36. Qb5 Kf8 37. h3 a3 38. Qb4+ Kg7 39. Qe7+ Kg8
40. Bd3 Qe1+ 41. Kh2 Qe5+ 42. Kh1 Qe1+ 43. Kh2 Qe5+ 44. Kg1 Qe3+ 45. Kh1
1/2-1/2

[Event "13. Obert Int. Sant Marti 2011"]
[Site "Barcelona ESP"]
[Date "2011.07.13"]
[Round "1.8"]
[White "Delgado Ramos, Hector"]
[Black "Martin Capitan, Feliciano"]
[Result "1-0"]
[WhiteElo "2488"]
[BlackElo "2133"]
[PlyCount "87"]
[EventDate "2011.07.13"]
[EventType "swiss"]
[EventRounds "9"]
[EventCountry "ESP"]
[SourceTitle "Ajedrez en Madrid"]
[Source "lmi"]
[SourceDate "2011.07.13"]
[SourceVersion "1"]
[SourceVersionDate "2019.06.21"]
[SourceQuality "1"]

1. e4 e5 2. Nf3 Nc6 3. Bb5 Nf6 4. Nc3 Bc5 5. Bxc6 dxc6 6. d3 Qe7 7. Ne2 Bd7 8.
Ng3 g6 9. O-O h5 10. Bg5 O-O-O 11. Qe1 Bg4 12. Nh4 Rdg8 13. Kh1 Bd6 14. f4 exf4
15. Qc3 Nd5 16. Bxe7 Nxc3 17. Bxd6 cxd6 18. Rxf4 g5 19. Rxg4 hxg4 20. Nhf5 Na4
21. b3 Nc3 22. Nxd6+ Kc7 23. Nxf7 Rh7 24. Ne5 Rgh8 25. Nxg4 Rh4 26. Nf2 Rxh2+
27. Kg1 R2h7 28. a4 a5 29. Nd1 Nxd1 30. Rxd1 b5 31. Ra1 Kb6 32. Kf2 Rf8+ 33.
Nf5 Re7 34. Kg3 Re5 35. Kg4 b4 36. Rf1 Rg8 37. g3 Ree8 38. Rh1 Rh8 39. Rxh8
Rxh8 40. Kxg5 Rh2 41. Kf6 Rxc2 42. e5 Kc5 43. e6 Re2 44. e7 1-0

[Event "13. Obert Int. Sant Marti 2011"]
[Site "Barcelona ESP"]
[Date "2011.07.13"]
[Round "1.9"]
[White "Vazquez Gamero, Miguel"]
[Black "Munoz Pantoja, Miguel"]
[Result "0-1"]
[WhiteElo "2129"]
[BlackElo "2482"]
[PlyCount "82"]
[EventDate "2011.07.13"]
[EventType "swiss"]
[EventRounds "9"]
[EventCountry "ESP"]
[SourceTitle "Ajedrez en Madrid"]
[Source "lmi"]
[SourceDate "2011.07.13"]
[SourceVersion "1"]
[SourceVersionDate "2019.06.21"]
[SourceQuality "1"]

1. e4 c5 2. Nf3 Nc6 3. d4 cxd4 4. Nxd4 Nf6 5. Nc3 e5 6. Ndb5 d6 7. Bg5 a6 8.
Na3 b5 9. Bxf6 gxf6 10. Nd5 f5 11. c3 Bg7 12. exf5 Bxf5 13. Nc2 O-O 14. a4 bxa4
15. Rxa4 a5 16. g3 Rb8 17. Nce3 Be6 18. Qa1 Nd4 19. Bg2 Nb3 20. Qa3 Nc5 21.
Rxa5 Rxb2 22. O-O Rb3 23. Qa1 e4 24. Rd1 f5 25. Ra7 Kh8 26. Bf1 Rb7 27. Rxb7
Nxb7 28. Nf4 Bc8 29. Qa3 Be5 30. Ned5 Nc5 31. Rb1 Bb7 32. Bc4 Bxd5 33. Nxd5 f4
34. Qa7 e3 35. fxe3 fxg3 36. Rf1 gxh2+ 37. Kh1 Rxf1+ 38. Bxf1 Qg8 39. Bg2 Qg3
40. Qb8+ Kg7 41. Qc7+ Kg6 0-1

[Event "13. Obert Int. Sant Marti 2011"]
[Site "Barcelona ESP"]
[Date "2011.07.13"]
[Round "1.10"]
[White "Karlsson, Lars"]
[Black "Collado Pallas, David"]
[Result "1-0"]
[WhiteElo "2482"]
[BlackElo "2126"]
[PlyCount "53"]
[EventDate "2011.07.13"]
[EventType "swiss"]
[EventRounds "9"]
[EventCountry "ESP"]
[SourceTitle "Ajedrez en Madrid"]
[Source "lmi"]
[SourceDate "2011.07.13"]
[SourceVersion "1"]
[SourceVersionDate "2019.06.21"]
[SourceQuality "1"]

1. f4 g6 2. Nf3 Bg7 3. e4 c6 4. d4 d5 5. e5 Bg4 6. h3 Bxf3 7. Qxf3 e6 8. c3 h5
9. g3 Nd7 10. Na3 Bf8 11. Nc2 Qb6 12. b4 Qc7 13. Bd2 a5 14. a3 b6 15. c4 dxc4
16. Bxc4 Ne7 17. O-O Nd5 18. b5 Rc8 19. Ne3 Nxe3 20. Bxe3 Be7 21. Rfc1 c5 22.
d5 exd5 23. Qxd5 O-O 24. Rd1 Nb8 25. Qe4 Kg7 26. f5 Kh7 27. Bxf7 1-0

[Event "13. Obert Int. Sant Marti 2011"]
[Site "Barcelona ESP"]
[Date "2011.07.13"]
[Round "1.11"]
[White "Do Santos Julio, Joao Manuel"]
[Black "Abreu Delgado, Aryam"]
[Result "0-1"]
[WhiteElo "2104"]
[BlackElo "2479"]
[PlyCount "132"]
[EventDate "2011.07.13"]
[EventType "swiss"]
[EventRounds "9"]
[EventCountry "ESP"]
[SourceTitle "Ajedrez en Madrid"]
[Source "lmi"]
[SourceDate "2011.07.13"]
[SourceVersion "1"]
[SourceVersionDate "2019.06.21"]
[SourceQuality "1"]

1. e4 c5 2. Nf3 d6 3. d4 cxd4 4. Nxd4 Nf6 5. f3 Nc6 6. c4 Qb6 7. Nc2 e6 8. Nc3
a6 9. a3 Be7 10. b4 O-O 11. Be3 Qc7 12. Nd4 Ne5 13. Rc1 b6 14. Be2 Bb7 15. O-O
Rac8 16. Qd2 Qb8 17. Na4 Ned7 18. Rfd1 Bd8 19. Kh1 Ba8 20. Bg1 Re8 21. Nb3 Bc7
22. c5 dxc5 23. Bxa6 Rcd8 24. Qe2 Bf4 25. Rb1 cxb4 26. axb4 h5 27. Bb5 h4 28.
Qf2 h3 29. Re1 hxg2+ 30. Kxg2 Qe5 31. Qe2 Rb8 32. Bd4 Qg5+ 33. Kh1 Red8 34. Rg1
Qh6 35. Rg2 Ne5 36. Rbg1 g6 37. Bxe5 Bxe5 38. Nb2 Nh5 39. Nd3 Bg7 40. Qd2 Rd6
41. Qxh6 Bxh6 42. Rc2 Rbd8 43. Rg4 Rxd3 44. Bxd3 Rxd3 45. Nc1 Rd8 46. Ne2 Nf6
47. Rh4 Bg5 48. Rh3 Nxe4 49. Kg2 Nd2 50. Kf2 Kg7 51. f4 Ne4+ 52. Ke3 Be7 53.
Rc4 Nd6 54. Rc7 Nf5+ 55. Kf2 Bxb4 56. Rb3 Bc5+ 57. Ke1 Bd5 58. Rb1 Rh8 59. Ra1
Bb4+ 60. Nc3 Rh3 61. Kd2 Rxh2+ 62. Kd3 Rh3+ 63. Kd2 Nd6 64. Kc2 Bc4 65. Rxc4
Nxc4 66. Kb3 Bxc3 0-1

[Event "13. Obert Int. Sant Marti 2011"]
[Site "Barcelona ESP"]
[Date "2011.07.13"]
[Round "1.13"]
[White "Marches Rios, Joan Manuel"]
[Black "Jimenez Fraga, Pedro Alejandro"]
[Result "0-1"]
[WhiteElo "2086"]
[BlackElo "2464"]
[PlyCount "82"]
[EventDate "2011.07.13"]
[EventType "swiss"]
[EventRounds "9"]
[EventCountry "ESP"]
[SourceTitle "Ajedrez en Madrid"]
[Source "lmi"]
[SourceDate "2011.07.13"]
[SourceVersion "1"]
[SourceVersionDate "2019.06.21"]
[SourceQuality "1"]

1. d4 Nf6 2. c4 g6 3. Nc3 Bg7 4. Nf3 O-O 5. g3 d6 6. Bg2 Nbd7 7. O-O e5 8. e4
exd4 9. Nxd4 a6 10. h3 Rb8 11. Be3 Re8 12. Qc2 c5 13. Nde2 b5 14. Rad1 b4 15.
Nb1 Qe7 16. Nf4 Bb7 17. Nd5 Nxd5 18. exd5 Qf6 19. b3 a5 20. Nd2 h6 21. Ne4 Qe7
22. Bf4 Ne5 23. Bc1 f5 24. Nd2 Qf6 25. Rde1 Nd7 26. Nf3 Qc3 27. Qxc3 bxc3 28.
Rxe8+ Rxe8 29. Re1 Ne5 30. Nxe5 dxe5 31. Be3 Rc8 32. Kf1 Kf7 33. Ke2 a4 34. Kd3
e4+ 35. Kc2 axb3+ 36. Kxb3 Ba6 37. Bf4 Bd4 38. f3 e3 39. Bf1 g5 40. Bd6 Ke8 41.
Bd3 Kd7 0-1

[Event "13. Obert Int. Sant Marti 2011"]
[Site "Barcelona ESP"]
[Date "2011.07.13"]
[Round "1.14"]
[White "Alarcon Casellas, Rolando"]
[Black "Ridameya Tatche, Jose Miguel"]
[Result "1-0"]
[WhiteElo "2453"]
[BlackElo "2072"]
[PlyCount "95"]
[EventDate "2011.07.13"]
[EventType "swiss"]
[EventRounds "9"]
[EventCountry "ESP"]
[SourceTitle "Ajedrez en Madrid"]
[Source "lmi"]
[SourceDate "2011.07.13"]
[SourceVersion "1"]
[SourceVersionDate "2019.06.21"]
[SourceQuality "1"]

1. e4 e5 2. Nf3 Nc6 3. Bc4 Nf6 4. Ng5 d5 5. exd5 Na5 6. Bb5+ c6 7. dxc6 bxc6 8.
Be2 h6 9. Nf3 e4 10. Ne5 Qd4 11. f4 Bc5 12. Rf1 Bd6 13. c3 Qb6 14. d4 exd3 15.
Qxd3 Qc7 16. b4 Nb7 17. Kf2 O-O 18. Kg1 Be6 19. Bf3 Bd5 20. Na3 Bxe5 21. fxe5
Qxe5 22. Bb2 Rad8 23. Rae1 Qc7 24. Qe3 Bxf3 25. Qxf3 Qb6+ 26. Kh1 Rfe8 27. Nc4
Qb5 28. Ne5 Re6 29. a3 Qd5 30. c4 Qxf3 31. Nxf3 Rde8 32. Rxe6 Rxe6 33. Nd4 Re4
34. Nxc6 Rxc4 35. Nxa7 Ne4 36. Nb5 Nbd6 37. Nxd6 Nxd6 38. h3 Rc2 39. Rb1 Nc4
40. Rc1 Rxc1+ 41. Bxc1 Nb6 42. Be3 Nc4 43. b5 Kf8 44. b6 Na5 45. Bd2 Nc6 46. b7
g5 47. Bb4+ Ke8 48. Bd6 1-0

[Event "13. Obert Int. Sant Marti 2011"]
[Site "Barcelona ESP"]
[Date "2011.07.13"]
[Round "1.15"]
[White "Garcia Mosquera, David"]
[Black "Perez Mitjans, Orelvis"]
[Result "0-1"]
[WhiteElo "2068"]
[BlackElo "2452"]
[PlyCount "54"]
[EventDate "2011.07.13"]
[EventType "swiss"]
[EventRounds "9"]
[EventCountry "ESP"]
[SourceTitle "Ajedrez en Madrid"]
[Source "lmi"]
[SourceDate "2011.07.13"]
[SourceVersion "1"]
[SourceVersionDate "2019.06.21"]
[SourceQuality "1"]

1. e4 d5 2. e5 c5 3. f4 Bf5 4. Nf3 e6 5. c3 Nc6 6. d3 Bg4 7. Be2 Nh6 8. O-O Nf5
9. Na3 h5 10. Nc2 d4 11. Nd2 Qd7 12. Ne4 dxc3 13. bxc3 O-O-O 14. Ne1 Be7 15.
Rb1 f6 16. exf6 gxf6 17. Rf2 c4 18. d4 Qd5 19. Bf3 Qxe4 20. Bxe4 Bxd1 21. Bxc6
bxc6 22. Rfb2 Nd6 23. Rb4 Bg4 24. Ra4 Rd7 25. Ra6 Rc7 26. Rb4 Ne4 27. Rxc4 Be2
0-1

[Event "13. Obert Int. Sant Marti 2011"]
[Site "Barcelona ESP"]
[Date "2011.07.13"]
[Round "1.16"]
[White "Pilgaard, Kim"]
[Black "Molinero Martin, Joan"]
[Result "1-0"]
[WhiteElo "2442"]
[BlackElo "2068"]
[PlyCount "97"]
[EventDate "2011.07.13"]
[EventType "swiss"]
[EventRounds "9"]
[EventCountry "ESP"]
[SourceTitle "Ajedrez en Madrid"]
[Source "lmi"]
[SourceDate "2011.07.13"]
[SourceVersion "1"]
[SourceVersionDate "2019.06.21"]
[SourceQuality "1"]

1. e4 c6 2. d4 d5 3. e5 g6 4. f4 Bg7 5. Nf3 Bg4 6. Bd3 Nh6 7. O-O e6 8. Be3 Nd7
9. Nbd2 Bf5 10. Nb3 Qb6 11. h3 Bxd3 12. Qxd3 Nf5 13. Bf2 h5 14. g4 hxg4 15.
hxg4 Nh6 16. Nh2 O-O-O 17. Rae1 Bf8 18. Kg2 Be7 19. a4 a6 20. Rc1 Qb4 21. a5
Qc4 22. Qxc4 dxc4 23. Nd2 b5 24. axb6 Nxb6 25. Bg1 Ng8 26. c3 Rd5 27. Ra1 Kb7
28. Ra2 a5 29. Ne4 Nh6 30. Kg3 Rb5 31. Nf3 Ra8 32. Rf2 Nd5 33. Rh2 Bf8 34. Nfd2
Nb6 35. Nc5+ Kc7 36. Nde4 a4 37. Nd6 Rba5 38. Nxf7 Nxf7 39. Rh7 Bxc5 40. Rxf7+
Nd7 41. dxc5 a3 42. Rxa3 Rxa3 43. bxa3 Rxa3 44. Bd4 Kd8 45. Rg7 Nf8 46. Kh4 Ra1
47. Kg5 Rf1 48. Rf7 Nd7 49. Kxg6 1-0

[Event "13. Obert Int. Sant Marti 2011"]
[Site "Barcelona ESP"]
[Date "2011.07.13"]
[Round "1.18"]
[White "Gonzalez Rodriguez, Jorge A."]
[Black "Moya Arau, Carles"]
[Result "1-0"]
[WhiteElo "2434"]
[BlackElo "2053"]
[PlyCount "65"]
[EventDate "2011.07.13"]
[EventType "swiss"]
[EventRounds "9"]
[EventCountry "ESP"]
[SourceTitle "Ajedrez en Madrid"]
[Source "lmi"]
[SourceDate "2011.07.13"]
[SourceVersion "1"]
[SourceVersionDate "2019.06.21"]
[SourceQuality "1"]

1. c4 c5 2. Nc3 d6 3. g3 Nc6 4. Bg2 g6 5. e3 Bg7 6. Nge2 e5 7. d3 Nge7 8. O-O
O-O 9. h3 Rb8 10. b3 a6 11. Bb2 f5 12. Qd2 Be6 13. Nd5 Bf7 14. f4 Nxd5 15. cxd5
Ne7 16. e4 b5 17. Rac1 Qb6 18. Kh2 a5 19. Ng1 Rfc8 20. Nf3 Qc7 21. Ng5 Rf8 22.
fxe5 dxe5 23. Rc2 Qb6 24. Rfc1 Rfc8 25. Qf2 Rc7 26. Rxc5 Rbc8 27. Rxc7 Qxf2 28.
Rxc8+ Nxc8 29. Rxc8+ Bf8 30. Bxe5 Qb6 31. d6 Qb7 32. Rc7 Qb8 33. Nxf7 1-0

[Event "13. Obert Int. Sant Marti 2011"]
[Site "Barcelona ESP"]
[Date "2011.07.13"]
[Round "1.19"]
[White "Christensen, Esben"]
[Black "Pogorelov, Ruslan"]
[Result "0-1"]
[WhiteElo "2053"]
[BlackElo "2430"]
[PlyCount "78"]
[EventDate "2011.07.13"]
[EventType "swiss"]
[EventRounds "9"]
[EventCountry "ESP"]
[SourceTitle "Ajedrez en Madrid"]
[Source "lmi"]
[SourceDate "2011.07.13"]
[SourceVersion "1"]
[SourceVersionDate "2019.06.21"]
[SourceQuality "1"]

1. e4 c5 2. Nf3 Nc6 3. d4 cxd4 4. Nxd4 Qc7 5. Nc3 e6 6. Be2 a6 7. O-O Nf6 8.
Be3 Bb4 9. Na4 Be7 10. Nxc6 bxc6 11. Nb6 Rb8 12. Nxc8 Qxc8 13. e5 Nd5 14. Bc1
c5 15. c4 Nb4 16. b3 O-O 17. Bb2 Qc7 18. Kh1 Nc6 19. f4 f6 20. Bf3 fxe5 21.
Bxc6 Qxc6 22. fxe5 Rxf1+ 23. Qxf1 Rf8 24. Qe2 Rf4 25. Kg1 Bg5 26. Re1 h6 27.
Bc1 Rf5 28. g4 Rf7 29. Bxg5 hxg5 30. Rd1 Rf4 31. Rd6 Qb7 32. h3 Kf8 33. Qg2 Qb4
34. Qe2 Ke7 35. Kh2 a5 36. Kg3 Qb7 37. Rd1 Qe4 38. Re1 Rf3+ 39. Kh2 Qf4+ 0-1

[Event "13. Obert Int. Sant Marti 2011"]
[Site "Barcelona ESP"]
[Date "2011.07.13"]
[Round "1.20"]
[White "Matnadze, Ana"]
[Black "Ribera Nebot, Joan"]
[Result "1-0"]
[WhiteElo "2428"]
[BlackElo "2051"]
[PlyCount "61"]
[EventDate "2011.07.13"]
[EventType "swiss"]
[EventRounds "9"]
[EventCountry "ESP"]
[SourceTitle "Ajedrez en Madrid"]
[Source "lmi"]
[SourceDate "2011.07.13"]
[SourceVersion "1"]
[SourceVersionDate "2019.06.21"]
[SourceQuality "1"]

1. d4 Nf6 2. Nf3 e6 3. c4 c5 4. d5 exd5 5. cxd5 Bd6 6. Nc3 O-O 7. g3 Re8 8. Bg2
a6 9. a4 Bc7 10. d6 Ba5 11. O-O Bxc3 12. bxc3 Ne4 13. Qd3 Qf6 14. Bf4 Qxc3 15.
Be5 Qxd3 16. exd3 f6 17. Bf4 g5 18. dxe4 gxf4 19. gxf4 Rxe4 20. Rfe1 Re6 21.
Nh4 Nc6 22. Bd5 Nb4 23. Bc4 Kf8 24. Rad1 Rxe1+ 25. Rxe1 b5 26. axb5 a5 27. Re7
Bb7 28. Rxh7 Nd5 29. Ng6+ Ke8 30. Ne7 Nxe7 31. Rh8+ 1-0

[Event "13. Obert Int. Sant Marti 2011"]
[Site "Barcelona ESP"]
[Date "2011.07.14"]
[Round "2.1"]
[White "Moskalenko, Viktor"]
[Black "Perpinya Rofes, Lluis Maria"]
[Result "1/2-1/2"]
[WhiteElo "2591"]
[BlackElo "2395"]
[PlyCount "66"]
[EventDate "2011.07.13"]
[EventType "swiss"]
[EventRounds "9"]
[EventCountry "ESP"]
[SourceTitle "Ajedrez en Madrid"]
[Source "lmi"]
[SourceDate "2011.07.13"]
[SourceVersion "1"]
[SourceVersionDate "2019.06.21"]
[SourceQuality "1"]

1. c4 g6 2. g3 Bg7 3. Bg2 d6 4. Nc3 Nf6 5. e4 O-O 6. Nge2 c5 7. d3 Nc6 8. h3
Ne8 9. O-O Nc7 10. a3 a5 11. Rb1 Ne6 12. Nb5 Ned4 13. Be3 Bd7 14. Nbxd4 Nxd4
15. Nxd4 cxd4 16. Bd2 a4 17. Qe2 b5 18. cxb5 Bxb5 19. b3 axb3 20. Rxb3 Ba4 21.
Rb4 Bc6 22. Rc1 Qd7 23. Rbc4 Ra6 24. Bb4 Bh6 25. f4 e5 26. fxe5 Bxc1 27. Rxc1
dxe5 28. Bxf8 Kxf8 29. Qb2 Qd6 30. h4 Bd7 31. Ra1 Qc5 32. Rc1 Qd6 33. Ra1 Qc5
1/2-1/2

[Event "13. Obert Int. Sant Marti 2011"]
[Site "Barcelona ESP"]
[Date "2011.07.14"]
[Round "2.2"]
[White "Lorenzo De La Riva, Lazaro"]
[Black "Leon Hoyos, Manuel"]
[Result "0-1"]
[WhiteElo "2391"]
[BlackElo "2548"]
[PlyCount "125"]
[EventDate "2011.07.13"]
[EventType "swiss"]
[EventRounds "9"]
[EventCountry "ESP"]
[SourceTitle "Ajedrez en Madrid"]
[Source "lmi"]
[SourceDate "2011.07.13"]
[SourceVersion "1"]
[SourceVersionDate "2019.06.21"]
[SourceQuality "1"]

1. e4 c5 2. Nf3 Nc6 3. d4 cxd4 4. Nxd4 Nf6 5. Nc3 d6 6. f3 e5 7. Nb3 Be7 8. Be3
a5 9. Qe2 a4 10. Nd2 Be6 11. Nc4 Nd4 12. Qf2 b5 13. Bxd4 bxc4 14. Bb6 Qd7 15.
Be2 O-O 16. O-O Rfb8 17. Rab1 Rb7 18. Be3 Rab8 19. Bc1 Qc6 20. Ra1 Bd8 21. Kh1
Bb6 22. Qe1 Ba5 23. a3 Kh8 24. Qh4 Bd8 25. Qe1 h6 26. Na2 d5 27. Nb4 Qc8 28.
exd5 Nxd5 29. c3 Nf4 30. Bxf4 exf4 31. Qd2 Bg5 32. Qc2 Ra8 33. Rfd1 Bf5 34. Qd2
Rd7 35. Qe1 Re7 36. Qf1 Be6 37. Rd6 Rc7 38. Rad1 Rc5 39. Qf2 Be7 40. R6d2 Rh5
41. Qd4 Raa5 42. Qe4 Rhe5 43. Qc6 Qb8 44. Bxc4 g6 45. Bxe6 Rxe6 46. Qc4 Rae5
47. Qf1 Bh4 48. g3 fxg3 49. hxg3 Bf6 50. Kg2 Kg7 51. Nd3 Rg5 52. Qf2 h5 53. Nc5
Re7 54. Nd7 Rxd7 55. Rxd7 Be5 56. Rd8 Qb7 57. R1d7 Qc6 58. Rxf7+ Kxf7 59. Qa7+
Ke6 60. Qe3 Rxg3+ 61. Kf2 Rh3 62. Rf8 Qb5 63. Kg1 0-1

[Event "13. Obert Int. Sant Marti 2011"]
[Site "Barcelona ESP"]
[Date "2011.07.14"]
[Round "2.6"]
[White "Thompson, Ian D"]
[Black "Delgado Ramos, Hector"]
[Result "0-1"]
[WhiteElo "2274"]
[BlackElo "2488"]
[PlyCount "80"]
[EventDate "2011.07.13"]
[EventType "swiss"]
[EventRounds "9"]
[EventCountry "ESP"]
[SourceTitle "Ajedrez en Madrid"]
[Source "lmi"]
[SourceDate "2011.07.13"]
[SourceVersion "1"]
[SourceVersionDate "2019.06.21"]
[SourceQuality "1"]

1. c4 e5 2. g3 Nf6 3. Bg2 Nc6 4. Nc3 Bc5 5. e3 d6 6. Nge2 a5 7. d4 exd4 8. exd4
Ba7 9. O-O O-O 10. a3 h6 11. b4 axb4 12. axb4 Nxb4 13. Ra4 Nc6 14. Nb5 Bg4 15.
Bxc6 bxc6 16. Nxa7 Qc8 17. f3 Bd7 18. Qd3 Qb8 19. Qa3 Re8 20. Kf2 Qb7 21. Be3
c5 22. Nb5 Bh3 23. Ra1 Rxa4 24. Qxa4 Ng4+ 25. fxg4 Qg2+ 26. Ke1 c6 27. Kd2 Bxg4
28. Re1 cxb5 29. Qxb5 Ra8 30. Qb2 Qxh2 31. dxc5 dxc5 32. Bxc5 Rd8+ 33. Kc1 Re8
34. Qb5 Re4 35. Bg1 Qg2 36. Qb8+ Kh7 37. Qb3 Bxe2 38. Qc2 f5 39. Kb2 Qxg3 40.
Rxe2 Qxg1 0-1